[Event "North American op 32nd"]
[Site "Las Vegas"]
[Date "2022.12.26"]
[Round "2"]
[White "Khanin, Semen"]
[Black "Liang, Justin S"]
[Result "1-0"]
[WhiteElo "2575"]
[BlackElo "2092"]
[PlyCount "69"]
[EventDate "2022.12.26"]
[EventType "swiss"]
[EventRounds "9"]
[EventCountry "USA"]
[SourceTitle "CBM 211 Extra"]
[Source "ChessBase"]
[SourceDate "2023.01.31"]
[SourceVersion "1"]
[SourceVersionDate "2023.01.31"]
[SourceQuality "1"]

1. e4 c5 2. Nf3 e6 3. c3 Nf6 4. e5 Nd5 5. d4 cxd4 6. cxd4 d6 7. Bc4 Be7 8. 0-0 0-0 9. Qe2 Nc6 10. Rd1 Bd7 11. Bd2 a6 12. Nc3 Nxc3 13. Bxc3 d5 14. Bd3 b5 15. Rac1 Rc8 16. Bd2 Qb6 17. Be3 Nb4 18. Bb1 Rxc1 19. Rxc1 Rc8 20. Rd1 a5 21. h4 g6 22. Bg5 Qd8 23. Qd2 Be8 24. g3 Rc7 25. Kg2 Nc6 26. Qf4 Kg7 27. Bf6+ Kg8 28. h5 Nb8 29. Ng5 Bxf6 30. exf6 Nd7 31. Nxh7 Kxh7 32. hxg6+ Kg8 33. Rh1 Qxf6 34. gxf7+ Bxf7 35. Qxc7 1-0

[Event "Titled Tuesday intern op 06th Dec Early"]
[Site "Chess.com INT"]
[Date "2022.12.06"]
[Round "1"]
[White "Liang, Justin S"]
[Black "Topalov, Aleksandar"]
[Result "1-0"]
[WhiteElo "2092"]
[BlackElo "2233"]
[PlyCount "87"]
[EventDate "2022.12.06"]
[EventType "swiss (blitz)"]
[EventRounds "11"]
[EventCountry "USA"]
[SourceTitle "CBM 211 Extra"]
[Source "ChessBase"]
[SourceDate "2023.01.31"]
[SourceVersion "1"]
[SourceVersionDate "2023.01.31"]
[SourceQuality "1"]

1. d4 Nf6 2. c4 c5 3. d5 d6 4. Nc3 g6 5. e4 Bg7 6. f3 0-0 7. Be3 e6 8. Qd2 exd5 9. cxd5 a6 10. a4 Nbd7 11. Nge2 h5 12. h4 Nh7 13. Nf4 Ne5 14. Be2 Re8 15. g3 Bd7 16. a5 Rb8 17. Na4 Bxa4 18. Rxa4 b5 19. axb6 Rxb6 20. Kf2 Rxb2 21. Qd1 Nf6 22. Nd3 Nxd3+ 23. Qxd3 Nd7 24. Rxa6 Ne5 25. Qa3 Qb8 26. Ra1 Nc4 27. Ra8 Nxa3 28. Rxb8 Rexb8 29. Rxa3 Rc2 30. Ke1 Rb1+ 31. Bd1 Rh2 32. Rd3 Rh1+ 33. Ke2 Rh2+ 34. Ke1 Bc3+ 35. Rxc3 Rh1+ 36. Ke2 Rbxd1 37. Bf2 Rc1 38. Ra3 Rc2+ 39. Ke3 Rh2 40. Bg1 Rhg2 41. Ra1 Rxg3 42. Kf4 Rh3 43. e5 Rc4+ 44. Kg5 1-0

[Event "Titled Tuesday intern op 04th Oct Late"]
[Site "Chess.com INT"]
[Date "2022.10.04"]
[Round "3"]
[White "Makarian, Rudik"]
[Black "Liang, Justin S"]
[Result "1/2-1/2"]
[WhiteElo "2505"]
[BlackElo "2092"]
[PlyCount "56"]
[EventDate "2022.10.04"]
[EventType "swiss (blitz)"]
[EventRounds "11"]
[EventCountry "USA"]
[SourceTitle "EXT 2023"]
[Source "ChessBase"]
[SourceDate "2022.10.05"]
[SourceVersion "1"]
[SourceVersionDate "2022.10.05"]
[SourceQuality "1"]

1. b3 e5 2. Bb2 Nc6 3. e4 Nf6 4. Nc3 d5 5. exd5 Nxd5 6. Bb5 Nxc3 7. Bxc3 Bd6 8. Nf3 0-0 9. Bxc6 bxc6 10. d3 Re8 11. Nd2 Qg5 12. 0-0 Bh3 13. Qf3 Bd7 14. Nc4 Re6 15. Rae1 Rae8 16. Qe3 Qh5 17. Qe2 Qf5 18. Qe4 Qh5 19. Qe2 Qf5 20. Bd2 Qg6 21. f3 f5 22. Be3 a6 23. Bf2 Bb4 24. Rd1 Qf7 25. Be1 Bc5+ 26. Bf2 Bb4 27. Bg3 Bc5+ 28. Bf2 Bb4 1/2-1/2

[Event "Titled Tuesday intern op 04th Jan"]
[Site "Chess.com INT"]
[Date "2022.01.04"]
[Round "1"]
[White "Rudykh, Stepan"]
[Black "Liang, Justin S"]
[Result "1-0"]
[WhiteElo "2218"]
[BlackElo "2092"]
[PlyCount "163"]
[EventDate "2022.01.04"]
[EventType "swiss (blitz)"]
[EventRounds "11"]
[EventCountry "USA"]
[SourceTitle "EXT 2023"]
[Source "ChessBase"]
[SourceDate "2022.10.05"]
[SourceVersion "1"]
[SourceVersionDate "2022.10.05"]
[SourceQuality "1"]

1. e4 c5 2. Nf3 e6 3. d4 cxd4 4. Nxd4 Nc6 5. Nxc6 bxc6 6. Bd3 d5 7. 0-0 Nf6 8. e5 Nd7 9. f4 Qc7 10. Nd2 a5 11. Qe2 Be7 12. c3 Rb8 13. Nf3 Nc5 14. Bc2 Ba6 15. Qf2 Bxf1 16. Qxf1 a4 17. Qd1 Qa5 18. Ng5 g6 19. Nf3 a3 20. b4 Qb5 21. bxc5 Qxc5+ 22. Kh1 Qxc3 23. Bd2 Qc4 24. Bb3 Qd3 25. Ba4 0-0 26. Bxc6 Rfc8 27. Ba4 Rb2 28. Bb3 Kg7 29. h3 Rb8 30. Qe1 R8xb3 31. axb3 Qxb3 32. Nd4 Qc4 33. Bc3 Rb7 34. Rc1 a2 35. Ba1 Qd3 36. Nc6 Ba3 37. Rd1 Qa6 38. Nd4 Qb6 39. Nc2 Bc5 40. Qe2 Qb3 41. Ne1 Bb4 42. Rd3 Qb1 43. Rd1 Bxe1 44. Qxe1 Qxd1 45. Qxd1 Rb1 46. Qg1 Kh6 47. Kh2 g5 48. fxg5+ Kxg5 49. Qe3+ Kg6 50. Qd3+ Kg7 51. Bd4 a1Q 52. Bxa1 Rxa1 53. Qg3+ Kf8 54. Qh4 d4 55. Qxh7 Ra4 56. Qd3 Ke7 57. h4 Ra7 58. h5 Rd7 59. h6 Rd8 60. h7 Rh8 61. Kh3 Kf8 62. Kh4 Kg7 63. Qg3+ Kf8 64. Qd3 Kg7 65. Qxd4 Rxh7+ 66. Kg4 Rh6 67. Qf4 Rg6+ 68. Kf3 f6 69. Qd4 f5 70. g3 Kh6 71. Qh4+ Kg7 72. Qe7+ Kh6 73. Kf4 Rg4+ 74. Kf3 Rg6 75. Qf7 Kg5 76. Qh7 Rh6 77. Qe7+ Kh5 78. Kf4 Rg6 79. Qh7+ Rh6 80. Qf7+ Rg6 81. Qe8 Kh6 82. Qh8# 1-0

[Event "Speed Chess GP2"]
[Site "Chess.com INT"]
[Date "2021.09.25"]
[Round "1"]
[White "Perez Ponsa, Federico"]
[Black "Liang, Justin S"]
[Result "1-0"]
[WhiteElo "2554"]
[BlackElo "2067"]
[PlyCount "121"]
[EventDate "2021.09.25"]
[EventType "swiss (blitz)"]
[EventRounds "10"]
[EventCountry "USA"]
[SourceTitle "CBM 204 Extra"]
[Source "ChessBase"]
[SourceDate "2021.11.30"]
[SourceVersion "1"]
[SourceVersionDate "2021.11.30"]
[SourceQuality "1"]

1. d4 Nf6 2. Nf3 e6 3. Bf4 c5 4. e3 b6 5. Nc3 cxd4 6. Nb5 d6 7. Qxd4 Nd5 8. Bg5 f6 9. Bh4 a6 10. Nc3 Nxc3 11. Qxc3 Bb7 12. Nd4 Kf7 13. Qb3 d5 14. 0-0-0 Nd7 15. e4 Nc5 16. Qh3 dxe4 17. Nxe6 Qc8 18. Bc4 Nxe6 19. Qxe6+ Qxe6 20. Rd7+ Be7 21. Bxe6+ Kxe6 22. Rxb7 Rab8 23. Rxb8 Rxb8 24. Re1 Kf5 25. f3 Bd6 26. fxe4+ Ke6 27. h3 Rc8 28. c3 Bf4+ 29. Kc2 Be5 30. Bf2 b5 31. a3 Rd8 32. Rd1 Rxd1 33. Kxd1 h5 34. Ke2 Bf4 35. Kd3 Ke5 36. Bd4+ Ke6 37. c4 Bc7 38. cxb5 axb5 39. b3 Ba5 40. a4 bxa4 41. bxa4 g5 42. Kc4 f5 43. exf5+ Kxf5 44. Kb5 Bc7 45. Bb6 Bb8 46. a5 Ke4 47. a6 g4 48. hxg4 hxg4 49. Kc6 Kd3 50. Kb7 Ke2 51. Kxb8 Kf1 52. g3 Kg2 53. Bc7 Kh3 54. a7 Kh2 55. a8Q Kg1 56. Qe4 Kh2 57. Qxg4 Kg2 58. Kc8 Kf2 59. Qf4+ Kg2 60. g4 Kh3 61. Qg3# 1-0

[Event "Titled Tuesday intern op 19th Jan"]
[Site "Chess.com INT"]
[Date "2021.01.19"]
[Round "1"]
[White "Karthikeyan, Murali"]
[Black "Liang, Justin S"]
[Result "1-0"]
[WhiteElo "2606"]
[BlackElo "2067"]
[PlyCount "45"]
[EventDate "2021.01.19"]
[EventType "swiss (blitz)"]
[EventRounds "11"]
[EventCountry "USA"]
[SourceTitle "CBM 200 Extra"]
[Source "ChessBase"]
[SourceDate "2021.03.31"]
[SourceVersion "1"]
[SourceVersionDate "2021.03.31"]
[SourceQuality "1"]

1. e4 c5 2. Nf3 e6 3. d4 cxd4 4. Nxd4 Nc6 5. Nc3 Qc7 6. g3 a6 7. Bg2 Nf6 8. 0-0 Nxd4 9. Qxd4 Bc5 10. Bf4 d6 11. Qd2 h6 12. Rad1 e5 13. Be3 Be6 14. Bxc5 dxc5 15. Nd5 Bxd5 16. exd5 Qd6 17. f4 0-0 18. fxe5 Qxe5 19. d6 Rab8 20. d7 Rfd8 21. Qd6 Qxd6 22. Rxd6 Rxd7 23. Rfxf6 1-0

[Event "Chess.com Bullet op2"]
[Site "Chess.com INT"]
[Date "2020.12.19"]
[Round "11"]
[White "Balaji, Aaravamudhan"]
[Black "Liang, Justin S"]
[Result "1/2-1/2"]
[WhiteElo "2206"]
[BlackElo "2067"]
[PlyCount "128"]
[EventDate "2020.12.19"]
[EventType "swiss (blitz)"]
[EventRounds "21"]
[EventCountry "USA"]
[SourceTitle "EXT 2022"]
[Source "ChessBase"]
[SourceDate "2021.10.06"]
[SourceVersion "1"]
[SourceVersionDate "2021.10.06"]
[SourceQuality "1"]

1. d4 Nf6 2. c4 e6 3. Nc3 Bb4 4. a3 Bxc3+ 5. bxc3 0-0 6. f3 d5 7. cxd5 exd5 8. e3 c5 9. Bd3 Nc6 10. Ne2 Re8 11. 0-0 Be6 12. Ng3 c4 13. Bc2 h5 14. Re1 h4 15. Nf1 Qd7 16. e4 Nh5 17. e5 g6 18. f4 Ne7 19. Qd2 Nf5 20. Qf2 Kg7 21. g4 hxg3 22. hxg3 Nh6 23. Ne3 Ng4 24. Nxg4 Bxg4 25. Qe3 Bf5 26. Bd1 Rh8 27. Re2 Rh7 28. Rg2 Rah8 29. g4 Be4 30. Rh2 Kf8 31. gxh5 Qf5 32. h6 Rxh6 33. Rxh6 Rxh6 34. Bf3 Rh3 35. Bxe4 Qg4+ 36. Bg2 Qd1+ 37. Kf2 Rxe3 38. Kxe3 Qc2 39. Bf3 Qxc3+ 40. Ke2 Qxa1 41. Bxd5 Qa2+ 42. Ke3 Qc2 43. Bd2 c3 44. Be4 Qxd2+ 45. Kf3 c2 46. Bxc2 Qxc2 47. d5 Qd3+ 48. Kg4 Qxd5 49. Kg5 Qe6 50. Kh4 Qf5 51. Kg3 Qe6 52. Kf3 Qf5 53. Kg3 f6 54. Kf3 fxe5 55. Kg3 Qxf4+ 56. Kg2 Qa4 57. Kg3 Qxa3+ 58. Kg4 Qb4+ 59. Kg5 Qf4+ 60. Kxg6 Qd2 61. Kh5 Qf4 62. Kg6 Qf7+ 63. Kg5 Qf5+ 64. Kh6 e4 1/2-1/2

[Event "Chess.com Bullet op2"]
[Site "Chess.com INT"]
[Date "2020.12.19"]
[Round "6"]
[White "Liang, Justin S"]
[Black "Bychkov, Vladimir"]
[Result "1-0"]
[WhiteElo "2067"]
[BlackElo "2303"]
[PlyCount "95"]
[EventDate "2020.12.19"]
[EventType "swiss (blitz)"]
[EventRounds "21"]
[EventCountry "USA"]
[SourceTitle "EXT 2022"]
[Source "ChessBase"]
[SourceDate "2021.10.06"]
[SourceVersion "1"]
[SourceVersionDate "2021.10.06"]
[SourceQuality "1"]

1. b3 d5 2. Bb2 c5 3. e3 a6 4. Nf3 Nc6 5. a4 Nf6 6. d4 Bg4 7. Be2 e6 8. 0-0 Be7 9. h3 Bh5 10. Nbd2 0-0 11. a5 Rc8 12. Ne5 Bxe2 13. Qxe2 Nxe5 14. dxe5 Nd7 15. Nf3 c4 16. Bd4 Qc7 17. Rfc1 Bb4 18. c3 Bxa5 19. b4 Bb6 20. e4 Bxd4 21. cxd4 dxe4 22. Qxe4 Qc6 23. Qg4 h6 24. h4 Nb6 25. h5 Nd5 26. Rab1 b5 27. Nd2 Ra8 28. Ne4 Kh8 29. Nd6 a5 30. bxa5 Rxa5 31. Qf3 Ra4 32. Rxb5 c3 33. Rc5 Qa6 34. R1xc3 Nxc3 35. Rxc3 Ra1+ 36. Kh2 Kg8 37. Rc7 Qf1 38. Rxf7 Qh1+ 39. Kg3 Rd8 40. Qg4 Ra3+ 41. f3 Qe1+ 42. Kh2 g5 43. Qxe6 Qh4+ 44. Qh3 Qxh3+ 45. Kxh3 Rxd6 46. Rf5 Kg7 47. exd6 Ra7 48. d7 1-0

[Event "Chess.com Bullet op1"]
[Site "Chess.com INT"]
[Date "2020.12.19"]
[Round "2"]
[White "Sukandar, Irine Kharisma"]
[Black "Liang, Justin S"]
[Result "0-1"]
[WhiteElo "2413"]
[BlackElo "2067"]
[PlyCount "74"]
[EventDate "2020.12.19"]
[EventType "swiss (blitz)"]
[EventRounds "21"]
[EventCountry "USA"]
[SourceTitle "EXT 2022"]
[Source "ChessBase"]
[SourceDate "2021.10.06"]
[SourceVersion "1"]
[SourceVersionDate "2021.10.06"]
[SourceQuality "1"]

1. d4 Nf6 2. Bf4 e6 3. e3 c5 4. Nd2 b6 5. Ngf3 cxd4 6. exd4 Bb7 7. Nc4 d6 8. h3 Be7 9. Bd3 0-0 10. 0-0 a6 11. a4 Re8 12. Bh2 Qc7 13. c3 Nbd7 14. Re1 Nf8 15. Ne3 Ng6 16. Qe2 Nh5 17. Qc2 Bxf3 18. gxf3 Nhf4 19. Bxf4 Nxf4 20. Bxh7+ Kh8 21. Bd3 Nxh3+ 22. Kh2 Nf4 23. Rh1 g6 24. Kg3+ Nh5+ 25. Rxh5+ gxh5 26. Rh1 d5+ 27. f4 Rg8+ 28. Kf3 h4 29. Ng4 Kg7 30. Ne5 Bf6 31. Bh7 Rh8 32. Rg1+ Kf8 33. Bd3 h3 34. Ng4 Rh4 35. Qd2 Ke7 36. f5 Rg8 37. fxe6 fxe6 0-1

[Event "Chess.com Bullet op2"]
[Site "Chess.com INT"]
[Date "2020.12.19"]
[Round "5"]
[White "Vastrukhin, Oleg"]
[Black "Liang, Justin S"]
[Result "1-0"]
[WhiteElo "2401"]
[BlackElo "2067"]
[PlyCount "73"]
[EventDate "2020.12.19"]
[EventType "swiss (blitz)"]
[EventRounds "21"]
[EventCountry "USA"]
[SourceTitle "EXT 2022"]
[Source "ChessBase"]
[SourceDate "2021.10.06"]
[SourceVersion "1"]
[SourceVersionDate "2021.10.06"]
[SourceQuality "1"]

1. Nf3 d5 2. g3 Nf6 3. Bg2 g6 4. 0-0 Bg7 5. d4 0-0 6. c3 c5 7. Nbd2 Nc6 8. dxc5 e5 9. Nb3 e4 10. Nfd4 Bd7 11. Nxc6 bxc6 12. Nd4 Ne8 13. b4 a5 14. a3 axb4 15. cxb4 f5 16. e3 Nc7 17. Bb2 Nb5 18. Qd2 Qe7 19. Nxb5 Bxb2 20. Qxb2 cxb5 21. Qd4 Bc6 22. Rfd1 Qg7 23. Bf1 Qxd4 24. Rxd4 Kf7 25. a4 Ke6 26. Rdd1 Rfb8 27. axb5 Rxa1 28. Rxa1 Bxb5 29. Bxb5 Rxb5 30. Rb1 Ke5 31. Kf1 h5 32. h4 d4 33. exd4+ Kxd4 34. c6 Rb8 35. c7 Rc8 36. Rc1 Kd5 37. b5 1-0

[Event "Titled Tuesday intern op 01st Dec"]
[Site "Chess.com INT"]
[Date "2020.12.01"]
[Round "1"]
[White "Iniyan, Panneerseluam"]
[Black "Liang, Justin S"]
[Result "1-0"]
[WhiteElo "2506"]
[BlackElo "2067"]
[PlyCount "103"]
[EventDate "2020.12.01"]
[EventType "swiss (blitz)"]
[EventRounds "11"]
[EventCountry "USA"]
[SourceTitle "CBM 199 Extra"]
[Source "ChessBase"]
[SourceDate "2021.01.31"]
[SourceVersion "1"]
[SourceVersionDate "2021.01.31"]
[SourceQuality "1"]

1. d4 Nf6 2. c4 e6 3. Nc3 Bb4 4. Nf3 0-0 5. Bg5 Bxc3+ 6. bxc3 h6 7. Bh4 d5 8. e3 Nbd7 9. Bd3 Qe8 10. 0-0 dxc4 11. Bxc4 Ne4 12. Qc2 Nd6 13. Bd3 e5 14. e4 f6 15. c4 exd4 16. c5 Nf7 17. Nxd4 Nde5 18. Be2 Bd7 19. Rab1 Nc6 20. Nb5 Rc8 21. Bg3 Nfe5 22. Rfd1 a6 23. Nc3 Be6 24. Rxb7 Nd7 25. Rxc7 Nxc5 26. Rxc8 Qxc8 27. Bd6 Nb4 28. Qb2 Rd8 29. Qxb4 Nb7 30. Bg3 Rxd1+ 31. Nxd1 a5 32. Qc3 Qd7 33. a4 Qxa4 34. Ne3 Qb4 35. Qxb4 axb4 36. Bc4 Bxc4 37. Nxc4 Nc5 38. f3 Nd3 39. Bf2 b3 40. Bd4 Nb4 41. Kf2 Nc2 42. Bc3 Kf7 43. Nd2 Na3 44. Nxb3 Nb5 45. Bb2 Nc7 46. Nd4 Na6 47. Nf5 Nc5 48. Ke3 h5 49. h4 g6 50. Nd6+ Ke6 51. Nc4 Na4 52. Bd4 1-0

[Event "Titled Tuesday intern op 4th Aug 10am"]
[Site "Chess.com INT"]
[Date "2020.08.04"]
[Round "2"]
[White "Christensen, Thomas1111"]
[Black "Liang, Justin S"]
[Result "1-0"]
[WhiteElo "2142"]
[BlackElo "2067"]
[PlyCount "147"]
[EventDate "2020.08.04"]
[EventType "swiss (blitz)"]
[EventRounds "10"]
[EventCountry "USA"]
[SourceTitle "CBM 197 Extra"]
[Source "ChessBase"]
[SourceDate "2020.09.30"]
[SourceVersion "1"]
[SourceVersionDate "2020.09.30"]
[SourceQuality "1"]

1. d4 Nf6 2. Nc3 d5 3. e4 Nxe4 4. Nxe4 dxe4 5. Bc4 Bf5 6. c3 e6 7. Ne2 Nd7 8. Ng3 Bg6 9. 0-0 h5 10. Re1 Qh4 11. Qe2 Bd6 12. Bb3 Nf6 13. h3 Bxg3 14. fxg3 Qxg3 15. Qf2 Qxf2+ 16. Kxf2 h4 17. Bg5 Nd5 18. a3 Rh5 19. Be3 0-0-0 20. Bd1 Rhh8 21. Bc2 f5 22. Bg5 Rdf8 23. c4 Nb6 24. b3 Nd7 25. Rad1 e5 26. d5 Rh5 27. Bc1 b6 28. b4 Rf7 29. Bb2 Rh8 30. Rc1 Re8 31. Bb3 Kb7 32. c5 Rf6 33. c6+ Kc8 34. cxd7+ Kxd7 35. Ba4+ Kd8 36. Bxe8 Bxe8 37. Bxe5 Rf7 38. d6 c6 39. Red1 Bd7 40. Bf4 Ke8 41. Ke3 Rf8 42. Bg5 Rh8 43. Kf4 Kf7 44. a4 Rh5 45. a5 b5 46. Rc5 Rh8 47. Rxf5+ Kg6 48. Rc5 Rf8+ 49. Kxe4 Bf5+ 50. Rxf5 Rxf5 51. Bf4 Rf8 52. d7 Rd8 53. Bc7 Rxd7 54. Rxd7 Kf6 55. Bf4 g5 56. Rxa7 gxf4 57. Kxf4 Ke6 58. Rb7 Kd5 59. a6 Kc4 60. a7 Kxb4 61. a8Q c5 62. Qc8 c4 63. Rxb5+ Kxb5 64. Qg4 c3 65. Qxh4 c2 66. Qe1 Kc4 67. Qc1 Kb3 68. Ke3 Kc3 69. h4 Kb3 70. h5 Kc3 71. h6 Kc4 72. h7 Kb3 73. h8Q Ka2 74. Qhb2# 1-0

[Event "Titled Tuesday intern op 21st July"]
[Site "Chess.com INT"]
[Date "2020.07.21"]
[Round "3"]
[White "Liang, Justin S"]
[Black "Izoria, Zviad"]
[Result "0-1"]
[WhiteElo "2067"]
[BlackElo "2602"]
[PlyCount "58"]
[EventDate "2020.07.21"]
[EventType "swiss (blitz)"]
[EventRounds "10"]
[EventCountry "USA"]
[SourceTitle "CBM 197 Extra"]
[Source "ChessBase"]
[SourceDate "2020.09.30"]
[SourceVersion "1"]
[SourceVersionDate "2020.09.30"]
[SourceQuality "1"]

1. d4 d6 2. c4 e5 3. dxe5 dxe5 4. Qxd8+ Kxd8 5. Nc3 c6 6. e4 Be6 7. Be3 Nd7 8. 0-0-0 f6 9. f3 Kc7 10. Kc2 Nh6 11. h4 Nf7 12. b3 b6 13. h5 Bc5 14. Bxc5 Nxc5 15. Nge2 a5 16. a4 Nd6 17. g4 Bf7 18. Ng3 Ne6 19. Rd3 Rhd8 20. Be2 Nc5 21. Rd2 Ndb7 22. Rhd1 Rxd2+ 23. Rxd2 Nd8 24. Nf5 Nde6 25. Bd1 g6 26. hxg6 hxg6 27. Nh6 Nd4+ 28. Kb2 Be6 29. Rh2 Rh8 0-1

[Event "Titled Tuesday intern op 14th July"]
[Site "Chess.com INT"]
[Date "2020.07.14"]
[Round "4"]
[White "Rosenberg, Evan"]
[Black "Liang, Justin S"]
[Result "0-1"]
[WhiteElo "2125"]
[BlackElo "2067"]
[PlyCount "52"]
[EventDate "2020.07.14"]
[EventType "swiss (blitz)"]
[EventRounds "10"]
[EventCountry "USA"]
[SourceTitle "CBM 197 Extra"]
[Source "ChessBase"]
[SourceDate "2020.09.30"]
[SourceVersion "1"]
[SourceVersionDate "2020.09.30"]
[SourceQuality "1"]

1. Nf3 Nf6 2. c4 e6 3. Nc3 d5 4. d4 Bb4 5. e3 0-0 6. Qc2 c5 7. Bd2 Nc6 8. a3 Bxc3 9. bxc3 b6 10. cxd5 Qxd5 11. Bd3 cxd4 12. cxd4 Bb7 13. e4 Qh5 14. h3 Rac8 15. Qa4 a6 16. 0-0 b5 17. Qd1 Rfd8 18. Be3 Na5 19. d5 exd5 20. e5 d4 21. exf6 dxe3 22. fxe3 Be4 23. Bxe4 Rxd1 24. Raxd1 Nc4 25. Rd5 Qh6 26. Ng5 Nxe3 0-1

[Event "Titled Tuesday intern op 6th June"]
[Site "Chess.com INT"]
[Date "2020.06.02"]
[Round "4"]
[White "Durarbayli, Vasif"]
[Black "Liang, Justin S"]
[Result "1-0"]
[WhiteElo "2606"]
[BlackElo "2067"]
[PlyCount "195"]
[EventDate "2020.06.02"]
[EventType "swiss (blitz)"]
[EventRounds "10"]
[EventCountry "USA"]
[SourceTitle "CBM 196 Extra"]
[Source "ChessBase"]
[SourceDate "2020.07.31"]
[SourceVersion "1"]
[SourceVersionDate "2020.07.31"]
[SourceQuality "1"]

1. e4 c6 2. Nc3 d5 3. Nf3 dxe4 4. Nxe4 Nf6 5. Qe2 Bf5 6. Nxf6+ gxf6 7. d3 e6 8. Bd2 Nd7 9. g3 Bd6 10. Bg2 Qc7 11. 0-0 0-0 12. Nh4 Bg6 13. f4 f5 14. Kh1 Nf6 15. Bf3 Rae8 16. Bc3 Nd5 17. Bd4 c5 18. Bg1 Be7 19. Ng2 Bf6 20. Rae1 Ne7 21. c3 Rd8 22. Rd1 Rd7 23. Ne3 b5 24. a4 a6 25. axb5 axb5 26. h4 h6 27. h5 Bh7 28. Rd2 Rfd8 29. Rfd1 e5 30. Ng2 e4 31. dxe4 Rxd2 32. Rxd2 Rxd2 33. Qxd2 fxe4 34. Be2 Nf5 35. Kh2 Kg7 36. Bxb5 Nd6 37. Be2 Bf5 38. Qd5 c4 39. Bc5 Nb7 40. Bf8+ Kxf8 41. Qxf5 Qe7 42. Bxc4 Nd6 43. Qd5 e3 44. Be2 Ne4 45. Qd3 Nc5 46. Qxe3 Qc7 47. Bg4 Na4 48. b4 Nxc3 49. Qc5+ Qxc5 50. bxc5 Nd5 51. Bf3 Nc7 52. Ne3 Bd4 53. Nf5 Bxc5 54. Nxh6 Ne6 55. Nf5 Kg8 56. Kh3 Bb6 57. Kg4 Bd8 58. Bd5 Nf8 59. Bc4 Nh7 60. Nh6+ Kg7 61. Nxf7 Nf6+ 62. Kf5 Nxh5 63. Nxd8 Nxg3+ 64. Kg4 Ne4 65. Ne6+ Kf6 66. Ng5 Nd6 67. Bd3 Ne8 68. Ne4+ Kg7 69. Bb5 Nc7 70. Bc4 Ne8 71. f5 Kf8 72. Kg5 Ng7 73. f6 Ne8 74. Kg6 Nxf6 75. Kxf6 Ke8 76. Bb5+ Kf8 77. Ng5 Kg8 78. Nf7 Kf8 79. Bd7 Kg8 80. Bf5 Kf8 81. Bh7 Ke8 82. Ne5 Kf8 83. Ke6 Ke8 84. Nd7 Kd8 85. Bg6 Kc7 86. Be4 Kd8 87. Kd6 Ke8 88. Bg6+ Kd8 89. Nc5 Kc8 90. Bf7 Kd8 91. Nb7+ Kc8 92. Kc6 Kb8 93. Be6 Ka7 94. Nc5 Kb8 95. Kb6 Ka8 96. Bd7 Kb8 97. Na6+ Ka8 98. Bc6# 1-0

[Event "Titled Tuesday intern op 6th June"]
[Site "Chess.com INT"]
[Date "2020.06.02"]
[Round "5"]
[White "Liang, Justin S"]
[Black "Mohan, Dave"]
[Result "0-1"]
[WhiteElo "2067"]
[BlackElo "1944"]
[PlyCount "74"]
[EventDate "2020.06.02"]
[EventType "swiss (blitz)"]
[EventRounds "10"]
[EventCountry "USA"]
[SourceTitle "CBM 196 Extra"]
[Source "ChessBase"]
[SourceDate "2020.07.31"]
[SourceVersion "1"]
[SourceVersionDate "2020.07.31"]
[SourceQuality "1"]

1. b3 e5 2. Bb2 Nc6 3. Nf3 d6 4. e3 f5 5. d4 e4 6. Nfd2 Nf6 7. c4 Be7 8. Nc3 0-0 9. a3 a6 10. b4 Qe8 11. d5 Ne5 12. Nb3 Bd8 13. h3 Bd7 14. a4 Qg6 15. c5 Re8 16. b5 f4 17. exf4 Nd3+ 18. Bxd3 exd3+ 19. Kf1 Bf5 20. c6 bxc6 21. dxc6 Ne4 22. Nd5 Qf7 23. Ne3 Ng3+ 24. fxg3 Rxe3 25. Kg1 Re2 26. Bd4 Qd5 27. Bf2 Bf6 28. bxa6 Bxa1 29. Qxa1 Qxb3 30. g4 Be4 31. Qd4 Qd5 32. Qb4 d2 33. Qb7 d1Q+ 34. Kh2 Qxh1+ 35. Kxh1 Rf8 36. a7 Qxc6 37. a8Q Rxa8 0-1

[Event "Titled Tuesday intern op 6th June"]
[Site "Chess.com INT"]
[Date "2020.06.02"]
[Round "2"]
[White "Liang, Justin S"]
[Black "Narayanan, Srinath"]
[Result "0-1"]
[WhiteElo "2067"]
[BlackElo "2540"]
[PlyCount "56"]
[EventDate "2020.06.02"]
[EventType "swiss (blitz)"]
[EventRounds "10"]
[EventCountry "USA"]
[SourceTitle "CBM 196 Extra"]
[Source "ChessBase"]
[SourceDate "2020.07.31"]
[SourceVersion "1"]
[SourceVersionDate "2020.07.31"]
[SourceQuality "1"]

1. b3 e5 2. Bb2 Nc6 3. e3 Nf6 4. Nf3 e4 5. Nd4 Nxd4 6. Bxd4 d5 7. c4 c5 8. Bxf6 Qxf6 9. Nc3 d4 10. exd4 cxd4 11. Nxe4 Qe5 12. Bd3 f5 13. Qh5+ g6 14. Qg5 Be7 15. Qg3 Qe6 16. f3 fxe4 17. Bxe4 Bd6 18. Qh4 Qe7 19. Qf2 Bf5 20. 0-0 Bxe4 21. fxe4 0-0-0 22. d3 Rhf8 23. Qe2 Qg5 24. g3 h5 25. Kg2 h4 26. Rf3 hxg3 27. hxg3 Rxf3 28. Qxf3 Rf8 0-1